Unequal prospects (Record no. 12335)
[ view plain ]
| 000 -LEADER | |
|---|---|
| fixed length control field | 01523cam a2200361Ia 4500 |
| 001 - CONTROL NUMBER | |
| control field | 9780203117934 |
| 003 - CONTROL NUMBER IDENTIFIER | |
| control field | BD-DhSAU |
| 005 - DATE AND TIME OF LATEST TRANSACTION | |
| control field | 20151012151717.0 |
| 006 - FIXED-LENGTH DATA ELEMENTS--ADDITIONAL MATERIAL CHARACTERISTICS | |
| fixed length control field | a|||||s||||||||||| |
| 007 - PHYSICAL DESCRIPTION FIXED FIELD--GENERAL INFORMATION | |
| fixed length control field | cr|||| |
| 008 - FIXED-LENGTH DATA ELEMENTS--GENERAL INFORMATION | |
| fixed length control field | 130226s2013 nyu sb 001 0 eng d |
| 020 ## - INTERNATIONAL STANDARD BOOK NUMBER | |
| International Standard Book Number | 9780203117934 (e-book : PDF) |
| 040 ## - CATALOGING SOURCE | |
| Original cataloging agency | BD-DhSAU |
| Transcribing agency | BD-DhSAU |
| 043 ## - GEOGRAPHIC AREA CODE | |
| Geographic area code | n-us--- |
| 090 ## - LOCALLY ASSIGNED LC-TYPE CALL NUMBER (OCLC); LOCAL CALL NUMBER (OCLC) | |
| Classification number (OCLC) (R) ; Classification number, CALL (RLIN) (NR) | HD7108.4.U6 |
| Local cutter number (OCLC) ; Book number/undivided call number, CALL (RLIN) | M36 2013 |
| 092 ## - LOCALLY ASSIGNED DEWEY CALL NUMBER (OCLC) | |
| Classification number | 306.380973 |
| Item number | M169 |
| 100 1# - MAIN ENTRY--PERSONAL NAME | |
| Personal name | McNamara, Tay K. |
| 245 10 - TITLE STATEMENT | |
| Title | Unequal prospects |
| Medium | [electronic resource] : |
| Remainder of title | is working longer the answer? / |
| Statement of responsibility, etc. | Tay K. McNamara and John B. Williamson. |
| 260 ## - PUBLICATION, DISTRIBUTION, ETC. (IMPRINT) | |
| Place of publication, distribution, etc. | New York : |
| Name of publisher, distributor, etc. | Routledge, |
| Date of publication, distribution, etc. | 2013. |
| 300 ## - PHYSICAL DESCRIPTION | |
| Extent | xvii, 59 p. |
| 490 1# - SERIES STATEMENT | |
| Series statement | Framing 21st century social issues |
| 504 ## - BIBLIOGRAPHY, ETC. NOTE | |
| Bibliography, etc | Includes bibliographical references (p. 39-51) and index. |
| 505 0# - FORMATTED CONTENTS NOTE | |
| Formatted contents note | 1. An aging population : is working longer the answer? -- 2. Health and wealth : cumulative inequality across the life course -- 3. Good jobs : unequal access to employment in later life -- 4. Unintended consequences : how would working longer change our lives? |
| 530 ## - ADDITIONAL PHYSICAL FORM AVAILABLE NOTE | |
| Additional physical form available note | Also available in print edition. |
| 538 ## - SYSTEM DETAILS NOTE | |
| System details note | Mode of access: World Wide Web. |
| 650 #0 - SUBJECT ADDED ENTRY--TOPICAL TERM | |
| Topical term or geographic name as entry element | Retirement age |
| Geographic subdivision | United States. |
| 650 #0 - SUBJECT ADDED ENTRY--TOPICAL TERM | |
| Topical term or geographic name as entry element | Population aging |
| General subdivision | Economic aspects |
| Geographic subdivision | United States. |
| 655 #7 - INDEX TERM--GENRE/FORM | |
| Genre/form data or focus term | Electronic books. |
| Source of term | lcsh |
| 700 1# - ADDED ENTRY--PERSONAL NAME | |
| Personal name | Williamson, John B. |
| 776 1# - ADDITIONAL PHYSICAL FORM ENTRY | |
| International Standard Book Number | 9780415529280 (pbk. : alk. paper) |
| 830 #0 - SERIES ADDED ENTRY--UNIFORM TITLE | |
| Uniform title | Framing 21st century social issues. |
| 856 40 - ELECTRONIC LOCATION AND ACCESS | |
| Uniform Resource Identifier | <a href="http://www.tandfebooks.com/isbn/9780203117934">http://www.tandfebooks.com/isbn/9780203117934</a> |
No items available.
